| 000 | 00836njcaa2200241 a 4500 | ||
|---|---|---|---|
| 001 | 38167 | ||
| 003 | (BD-RjUL) | ||
| 005 | 20211209052736.0 | ||
| 008 | 150920b2009 ii |||dgs|||| 00| 0 eng d | ||
| 035 | _a(BD-RjUL)38272 | ||
| 040 |
_aBD-RjUL _beng |
||
| 082 |
_222 _a782.6 _bCHA |
||
| 100 |
_aChakraborty, Pandit Manas. _9118083 |
||
| 245 |
_aSagarika : _bSelection/ _cPandit Manas Chakraborty _h[sound recording] _pRaaga: Darbari Kanada |
||
| 260 |
_aMumbai : _bSagarika Music Pvt. Ltd., _cc & p2009. |
||
| 300 |
_a1 sound disc. _bdigital _c4 3/4 in. |
||
| 500 | _aCompact disc. | ||
| 600 |
_aChakraborty, Pandit Manas. _zIndia _9118084 |
||
| 650 |
_aRaaga _zIndia _9118085 |
||
| 650 |
_aDarbari Kanada _zIndia _9118086 |
||
| 942 |
_2ddc _cAVM |
||
| 999 |
_c38167 _d38167 |
||